01443nam a2200265 a 450000100100000000500170001000800410002702000180006804000250008608200200011110000430013124500400017426000390021430000210025358600650027465000360033965000370037591000380041295201300045095201300058095202080071095201180091895201240103699900170116000002715120200930030633.0100805t2010 sp 000 p spa d a9789945870749 aDO-SdBNPbspacBNPHU aPR861.44bP128z1 aPagán López, Zuleika,d1982-9653810aZozobra /cZuleika Pagán López. aSanto Domingo :bFerilibro,c2010. a59 P. ;c23. cm. aPremio Internacional de Poesía Joven Feria del Libro, 2009 4aPoesía puertorriqueña91015 4aLiteratura puertorriqueña9250 aValidado. Control de calidad EMS. 001054708MOaGRbGRcHDd2011-03-30iLF1l0oPR861.44 P128zp27151-30r2020-06-25te. 3w2020-06-25y4ZPréstamo en sala 001054708MOaGRbGRcHDd2014-02-10iLF1l0oPR861.44 P128zp27151-40r2020-06-25te. 4w2020-06-25y4ZPréstamo en sala 001054708MOaGRbGRcHDd2015-07-10iLF1l0oPR861.44 P128zp27151-50r2020-06-25te. 5w2020-06-25y4zPerteneció a la biblioteca personal de Chiqui Vicioso / Fidelio Despradel.ZPréstamo en sala 001050718MOaPDbPDcHDd2011-03-30iLF1l0oPR861.44 P128zp27151-10r2020-06-25w2020-06-25y1ZNo se presta 001050718MOaPDbPDcHDd2011-03-30iLF1l0oPR861.44 P128zp27151-20r2020-06-25te. 2w2020-06-25y1ZNo se presta c26643d26643